| 000 | 01158cam a22002775a 4500 | ||
|---|---|---|---|
| 001 | L159755 | ||
| 008 | 150226s2016 xxk f 000 0 eng d | ||
| 035 | _a(Sirsi) u159755 | ||
| 041 | 0 | _aeng | |
| 100 | 1 | _aWilloughby, Michael | |
| 245 | 0 | 0 | _aLove thy neighbour |
| 260 | _c2016 | ||
| 490 |
_aModus _vJuly - August 2016, 30-31 (2) |
||
| 520 | _aAround the UK, cash-strapped councils are saving money by co-locating their leisure and services - both commercial and public - in one building. To support this the Cabinet Office has, since 2013, been running the One Public Estate initiative, which offers local authorities grants of up to £500,000 to achieve "ambitious and credible" work programmes, delivered with other regional public sector partners, to manage their assets and develop plans for co-location. | ||
| 590 | _aKA | ||
| 650 | 2 | 4 | _aLOCAL AUTHORITIES |
| 650 | 2 | 4 | _aCOUNCILS |
| 650 | 2 | 4 | _aPUBLIC SERVICES |
| 650 | 2 | 4 | _aONE PUBLIC INITIATIVE |
| 650 | 2 | 4 | _aGOVERNMENT GRANTS |
| 650 | 2 | 4 | _aASSET MANAGEMENT |
| 651 | 4 | _aUnited Kingdom | |
| 690 |
_aCommercial property _96227 |
||
| 690 | _aBusiness and management | ||
| 942 |
_n0 _2ddc |
||
| 999 |
_c84961 _d84961 |
||